Οι Έλληνες της Λατινικής Αμερικής = Los griegos de America Latina

Αποθηκεύτηκε σε:
Λεπτομέρειες βιβλιογραφικής εγγραφής
Κύριος συγγραφέας: Τάμης, Αναστάσιος Μ.
Άλλοι συγγραφείς: Larriera, Margarita (Μεταφραστής)
Μορφή: Βιβλίο
Γλώσσα:Greek
Spanish
Δημοσίευση: Αθήνα : Ελληνικά Γράμματα, 2006.
Θέματα:
Ετικέτες: Προσθήκη ετικέτας
Δεν υπάρχουν, Καταχωρήστε ετικέτα πρώτοι!

MARC

LEADER 00000cam a2200000 i 4500
001 1/17933
008 120217s2006####gr | | ||| |||| ||gre||
020 |a 960-442-269-3  
035 |l 10111891 
040 |a GR-MY-UA  |b gre  |e aacr 
041 0 |a gre  |a spa 
082 0 |a 304.8890495   |2 (22)  
100 1 |a Τάμης, Αναστάσιος Μ. 
245 1 3 |a Οι Έλληνες της Λατινικής Αμερικής =   |b Los griegos de America Latina /   |c Αναστάσιος Μυρώδη Τάμης ; μετάφραση στην ισπανική: Margarita Larriera.  
246 1 |i Παράλληλος τίτλος:   |a Griegos de America Latina  
260 |a Αθήνα :   |b Ελληνικά Γράμματα,   |c 2006.  
300 |a 888 σ.;   |c 24 εκ.  
500 |a Κείμενο σε Ισπανικά και Ελληνικά.  
500 |a Εθνικό Κέντρο Ελληνικών Μελετών και Έρευνας, Πανεπιστήμιο La Trobe, Μελβούρνη.  
504 |a Περιλαμβάνει βιβλιογραφία.  
650 0 0 |a Greeks  |z Latin America. 
700 1 |a Larriera, Margarita.  |4 trl 
852 |a INST  |b LESVOS  |e 20120217  |h 304.8890495 ΤΑΜ  |p 005100050760  |q 005100050760  |t BK  |y 0 
901 |a BIBL1-2012-1 
909 |a Λ  |b 173382 
970 |a ΤΖΑΦΕΡΗ  |b ΕΥΑΓΓΕΛΙΑ  |z 2012/02/17